Desligue isso e vá estudar! (Record no. 157020)

MARC details
000 -LÍDER
campo de controle de tamanho fixo 00390 a2200169 4500
001 - NÚMERO DE CONTROLE
campo de controle 157020
020 ## - ISBN - INTERNATIONAL STANDARD BOOK NUMBER
ISBN - International Standard Book Number 9788539510153
040 ## - FONTE DA CATALOGAÇÃO
Instituição que transcreveu o registro Escola São Tomás de Aquino
100 ## - ENTRADA PRINCIPAL--NOME PESSOAL
Nome pessoal MEIER, Marcos
240 10 - TÍTULO UNIFORME
Título uniforme Desligue isso e vá estudar!
Idioma da obra por
245 10 - TÍTULO
Título Desligue isso e vá estudar!
300 ## - DESCRIÇÃO FÍSICA
Extensão 112
362 0# - DATAS DE PUBLICAÇÃO E/OU DESIGNAÇÃO SEQUENCIAL
Datas de publicação e/ou designação sequencial 2014
440 #1 - DECLARAÇÃO DE SÉRIE/ENTRADA ADICIONADA--TÍTULO
Título Fundamento
697 ## - ENTRADA DE ASSUNTO LOCAL--ENTIDADE COLETIVA (RLIN)
Nome corporativo ou nome da jurisdição Educação
942 ## - ELEMENTOS DE ENTRADA ADICIONADOS (KOHA)
Tipo de material Koha Livros
Holdings
Situação do descarte Situação das perdas Situação física Não pode ser emprestado Biblioteca de origem Biblioteca atual Data de aquisição Total de empréstimos Número de chamada completo Código de barras Data de último acesso Data do preço efetivo Tipo de material Koha
        ESTA - SÃO BENTO ESTA - SÃO BENTO 30/04/2024   370 MEI DES EST00011666 30/04/2024 30/04/2024 Livros